Online
Catalog

La luz descalza y elegias (1956-1963) / (Record no. 38728)

MARC details
000 -CABECERA
campo de control de longitud fija 00423nam a2200133 a 4500
001 - NÚMERO DE CONTROL
campo de control 000039238
005 - FECHA Y HORA DE LA ÚLTIMA TRANSACCIÓN
campo de control 20201002031546.0
008 - DATOS DE LONGITUD FIJA--INFORMACIÓN GENERAL
campo de control de longitud fija 130617s1966 uy 000 0 spa d
040 ## - FUENTE DE LA CATALOGACIÓN
Centro catalogador/agencia de origen DO-SdBNP
Lengua de catalogación spa
Centro/agencia transcriptor BNPHU
100 1# - ENTRADA PRINCIPAL--NOMBRE DE PERSONA
Nombre de persona Valera Benitez, Rafael
9 (RLIN) 24318
245 13 - MENCIÓN DE TÍTULO
Título La luz descalza y elegias (1956-1963) /
Mención de responsabilidad, etc. Rafael Valera Benitez.
260 ## - PUBLICACIÓN, DISTRIBUCIÓN, ETC.
Lugar de publicación, distribución, etc. Montevideo, Uruguay :
Nombre del editor, distribuidor, etc. Corporación Gráfica,
Fecha de publicación, distribución, etc. 1966.
300 ## - DESCRIPCIÓN FÍSICA
Extensión 73 p. ;
Dimensiones 21 cm.
Holdings
Estado de retiro Estado de pérdida Restricciones de uso No para préstamo Código de colección Localización permanente Ubicación/localización actual Ubicación en estantería Fecha de adquisición Número de inventario Total de préstamos Signatura topográfica completa Código de barras Fecha visto por última vez Precio válido a partir de Tipo de ítem Koha Número de copia
      Excluido de préstamo Monografías: Libros y Folletos General General Depósito 17.06.2013 LF1   39238-10 25.06.2020 25.06.2020 No se presta  
      Excluido de préstamo Monografías: Libros y Folletos General General Depósito 16.07.2013 LF1   39238-20 25.06.2020 25.06.2020 No se presta e. 2

Powered by Koha